01122nam a22002654a 450000500170000001000250001702000260004202000260006803500130009403500140010703700090012108200100013010000260014024500860016626000630025227000750031530000360039030000340042650000200046070000390048094200240051999900170054395201420056095201540070220241203140924.0 aENG-91194 ENG-142778 a9780070248922c595.00 a9789364444675c895.00 aEN-74727 aEN-126310 bDBAD a004.1 aSahni, Vishal 974583 aNanocomputing:bThe future of computing/cby Vishal Sahni [and] Debabrata Goswami aChennaibMcGraw-Hill Education Private Limitedc2008, 2024 aAnjana Complex No. 5/90A, Butt Road , St Thomas MountbChennaie600016 axxii,174 p.:b ill. c25 cm(Hb) axxii,174 p.bill. c22 cm(pb) aIncludes index. aGoswami, Debabrata eAuthor974584 2ddccENh004.1mSAH c16334d16334 00102ddc40718NFICaDBADbDBADd2008-10-07eDBAD / PUBg595.00l0o004.1 SAHpEN-74727r2008-10-07 00:00:00t1v595.00w2008-10-07yEN 001040708NFICaAVbAVd2024-12-03eDelivery of Books Act Divisiong895.00l0o004.1 SAHpEN-126310r2024-12-03 00:00:00t1v895.00w2024-12-03yEN